Traité de médecine : maladies des glandes endocrines (Record no. 16730)
[ view plain ]
| 000 -LEADER | |
|---|---|
| fixed length control field | 00298 a2200121 4500 |
| 100 ## - VEDETTE PRINCIPALE - NOM DE PERSONNE | |
| Personal name | Lemierre, A |
| 245 ## - TITLE STATEMENT | |
| Title | Traité de médecine : maladies des glandes endocrines |
| 260 ## - PUBLICATION, DISTRIBUTION, ETC. (IMPRINT) | |
| Date of publication, distribution, etc | 1948 |
| 300 ## - PHYSICAL DESCRIPTION | |
| Extent | 119 p. |
| 700 ## - ADDED ENTRY--PERSONAL NAME | |
| Personal name | Lenormant, Ch. |
| Withdrawn status | Lost status | Damaged status | Not for loan | Location (home branch) | Sublocation or collection (holding branch) | Date acquired | Koha issues (times borrowed) | Koha full call number | Koha date last seen | Price effective from | Koha item type |
|---|---|---|---|---|---|---|---|---|---|---|---|
| Bibliothèque Faculté des Sciences de la Santé | Bibliothèque Faculté des Sciences de la Santé | 27/02/2009 | WK 100 TRA | 27/02/2009 | 27/02/2009 | Livre |